Fécondité de la terre; méthode pour conserver ou rétablir la fertilité du sol, le principe bio-dynamique dans la nature (Record no. 11536)
[ view plain ]
| 000 -LEADER | |
|---|---|
| fixed length control field | 00700 a2200217 4500 |
| 035 ## - SYSTEM CONTROL NUMBER | |
| System control number | 2692 |
| 100 ## - VEDETTE PRINCIPALE - NOM DE PERSONNE | |
| Personal name | PFEIFFER, Ehrenfried |
| 130 ## - VEDETTE PRINCIPALE - TITRE UNIFORME | |
| Language of a work | Fr. |
| 260 ## - PUBLICATION, DISTRIBUTION, ETC. (IMPRINT) | |
| Place of publication, distribution, etc | Paris |
| 260 ## - PUBLICATION, DISTRIBUTION, ETC. (IMPRINT) | |
| Name of publisher, distributor, etc | Triades |
| 245 ## - TITLE STATEMENT | |
| Title | Fécondité de la terre; méthode pour conserver ou rétablir la fertilité du sol, le principe bio-dynamique dans la nature |
| 260 ## - PUBLICATION, DISTRIBUTION, ETC. (IMPRINT) | |
| Date of publication, distribution, etc | 1966 |
| 250 ## - EDITION STATEMENT | |
| Edition statement | 4e éd. |
| 300 ## - PHYSICAL DESCRIPTION | |
| Extent | 348 p. |
| 300 ## - PHYSICAL DESCRIPTION | |
| Other physical details | ill., prt. ; 23 cm |
| 500 ## - GENERAL NOTE | |
| General note | La couv. porte en outre : La rétablir, la maintenir. - Titre original : Die Fruchbarkeit der Erde. - Notes bibliographiques au bas des pages |
| 650 ## - SUBJECT ADDED ENTRY--TOPICAL TERM | |
| Topical term or geographic name as entry element | <Sols><Engrais et amendements> |
| Withdrawn status | Lost status | Damaged status | Not for loan | Location (home branch) | Sublocation or collection (holding branch) | Date acquired | Source of acquisition | Koha issues (times borrowed) | Koha full call number | Piece designation (barcode) | Koha date last seen | Copy number | Koha item type |
|---|---|---|---|---|---|---|---|---|---|---|---|---|---|
| Bibliothèque Ecole Polytechnique d'Abomey-Calavi | Bibliothèque Ecole Polytechnique d'Abomey-Calavi | 27/02/2009 | EPAC | 631.4/P526f.F | 20931EPAC | 27/02/2009 | 1 | Livre |